000 00594nam a22001817a 4500
999 _c171985
_d171985
005 20200124115846.0
010 _aB-209194
020 _c250.00
035 _aB-209194
037 _bBPPD/Pub.
082 _a840.8
245 _aتحقیق و تدوین /
_cمرتب - ابن کنول
246 _aTehqeeq-o-Tadveen (Urdu) /
_bedited by Ibne Kanwal
260 _aDelhi
_bKitabi Duniya
_c2006 ء
270 _a1955, Gali Nawab Mirza, Moh. Qabristan, Opp. Anglo Arabic School, Turkman Gate
_bDelhi
_e110006
300 _a311p.
_c22cm(Hb)
942 _2ddc
_cUR
_h840.8
_mا ب ن